| 000 | 00740nam a22002297a 4500 | ||
|---|---|---|---|
| 999 |
_c6389 _d6389 |
||
| 001 | 2501 | ||
| 003 | BD-DhUAP | ||
| 005 | 20201230143844.0 | ||
| 008 | 201230r19761979enk||||| |||| 00| 0 eng d | ||
| 020 | _a0198611218 | ||
| 020 | _a0198611226 | ||
| 040 |
_aBD-DhUAP _bEng _cBD-DhUAP _dBD-DhUAP |
||
| 082 |
_223 _a423 CON |
||
| 245 |
_aThe Concise Oxford dictionary of current English : _bbased on the Oxford English dictionary and its supplements / _cedited by H. W. Fowler and F. G. Fowler. |
||
| 250 | _a6th ed. | ||
| 260 |
_aOxford : _bClarendon Press, _c1976 [1979]. |
||
| 300 |
_axxiii, 1368 pages ; _c22 cm. |
||
| 650 |
_aEnglish language _vDictionaries. |
||
| 700 | _aFowler, H. W. | ||
| 700 | _aFowler, F. G. | ||
| 942 |
_2ddc _cBK |
||